| 000 | 01007nam a2200253 i 4500 | ||
|---|---|---|---|
| 001 | 66890 | ||
| 003 | ES-MaACL | ||
| 005 | 20230906165859.0 | ||
| 007 | t| | ||
| 008 | 030728s2003 sp a |||| | spa d | ||
| 020 | _a84-89913-44-7 | ||
| 080 | _a7.034/.036(4)(083.824) | ||
| 110 | 2 |
_aBanco Santander Central Hispano. _9173542 |
|
| 245 | 1 | 3 |
_aLa exaltación de las artes : _bColección Santander Central Hispano, [exposición] del 10 de junio al 20 de julio de 2003, Sala de Exposiciones de la Fundación Santander Central Hispano. |
| 260 |
_a[Madrid] : _bFundación Santander Central Hispano, _c[2003] |
||
| 300 |
_a241 p. : _bprincipalmente il. col. ; _c31 cm. |
||
| 610 | 2 | 4 |
_aBanco Santander Central Hispano- _xColecciones de arte. _9173541 |
| 650 | 4 |
_aArte europeo- _vExposiciones. _9172791 |
|
| 655 | 7 |
_2tgfbne _9193628 _aCatálogos de exposiciones |
|
| 710 | 2 |
_aFundación Santander Central Hispano. _94415 |
|
| 852 |
_aES-MaACL _jL-27376 |
||
| 942 | _2udc | ||
| 999 |
_c66890 _d66890 |
||